Въпроси на диалеткиката в "Капиталът" на Маркс (Запис номер 443065)
[ съкратено ]
| 000 -Лидер | |
|---|---|
| Контролно поле с фиксирана дължина | nam a22 a 4500 |
| 003 - Код на организацията, давaща контролен номер | |
| Контролно поле | BLK |
| 005 - Дата и час на последна редакция | |
| Контролно поле | 20220202144512.0 |
| 008 - Елементи от данни с фиксирана дължина | |
| fixed length control field | 200311b bul|||||r ||||||| ||bul|| |
| 040 ## - Източник на каталожния запис | |
| Идентификатор на билиотеката - собственик на записа | BLK |
| 041 ## - Код за език | |
| Код за езика на текст/звукозапис или на отделно заглавие | Български |
| Код за езика КДБФ | Български |
| 080 ## - УДК | |
| Текстов определител УДК | Икономически теории. Икономически учения и школи |
| УДК код - определител по УДК | 330.8 |
| УДК - код + определител | 330.8 |
| 080 ## - УДК | |
| Текстов определител УДК | Марксизъм-ленинизъм. Научен комунизъм |
| УДК код - определител по УДК | 141.82 |
| УДК - код + определител | 141.82 |
| 100 ## - Редна дума - Автор | |
| Автор | Розентал, М. М. |
| Авторска отговорност | първи автор |
| R(LIN) | 1299 |
| 139 ## - Редно поле | |
| Редна дума | Розентал, М. М. |
| 245 10 - Сведения за заглавието | |
| Заглавие | Въпроси на диалеткиката в "Капиталът" на Маркс |
| Редно поле (дума) | М. М. Розентал; прев. от рус. Недялко Белев и др. |
| 257 ## - Страна на издаване | |
| Страна на създаване/издаване | СССР |
| 260 ## - Област на издателските данни | |
| Място на издаване, разпространение и проч. | София |
| Име на издателя, разпространителя и проч. | БКП |
| Година на издаване | 1956 |
| Печатница | София : Д. Благоев |
| 300 ## - Физическа характеристика | |
| Страници | 436 с. |
| Размери/Мащаб | 21 см |
| 380 ## - Жанр | |
| Жанр | Обществени науки |
| 500 ## - Общи забележки | |
| Забележка | 5 000 тир. - Библиогр. и бел. под линия. |
| 650 #0 - Допълнително описание по предмет – тема | |
| Основно описание – тема или топоним | Марксизъм-ленинизъм - икономически учения |
| 9 (RLIN) | 248945 |
| 653 #7 - Ключова дума – ненормативна | |
| Ключова дума | марксизъм |
| 9 (RLIN) | 190559 |
| 653 #7 - Ключова дума – ненормативна | |
| Ключова дума | диалектика |
| 9 (RLIN) | 185050 |
| 653 #7 - Ключова дума – ненормативна | |
| Ключова дума | Карл Маркс |
| 9 (RLIN) | 188325 |
| 700 ## - Други автори (авторска отговорност) | |
| Лично име | Белев, Недялко |
| Автороска отговорност (Описва отношението между автора и произведението) | прев. от рус. |
| 9 (RLIN) | 1121 |
| Пълна форма на името | Георгиев, Недялко Белев |
| 700 ## - Други автори (авторска отговорност) | |
| Лично име | Калинкова, Теодора |
| Автороска отговорност (Описва отношението между автора и произведението) | прев. от рус. |
| 9 (RLIN) | 274600 |
| 700 ## - Други автори (авторска отговорност) | |
| Лично име | Младенов, Лазар |
| Автороска отговорност (Описва отношението между автора и произведението) | прев. от рус. |
| 9 (RLIN) | 367242 |
| 852 ## - Местоположение | |
| Форматна сигнатура | Цб 3040 |
| Фондова буква | Основен фонд - ползва се само за читалня |
| 999 ## - СИСТЕМНИ КОНТРОЛНИ НОМЕРА | |
| Koha biblionumber | 443065 |
| Koha biblioitemnumber | 443065 |
| 942 ## - АРТИКУЛИ | |
| Вид на библиотечния материал | Книги |
| Скрит в OPAC | Не |
| Периодичен библиозапис | Да |
| 944 ## - СЪЗДАВАНЕ И РЕДАКЦИЯ на ЗАПИСА | |
| Създаване/Редакция | Създаване |
| Дата на регистрацията/редакция | 2022-02-02 |
| Служител, извършил регистрацията/редакцията | СТ |
| Код за отписване | Код за изгубен артикул | Източник на класификационната схема | Код за повреда | Коз за рестрикции | Код за отдаване | Артикулен № | Име на библиотеката - собственик | Име на библиотеката, в която се намира в момента | Статус (Текущо местоположение) | Дата на вписване в системата | Местоположение - отдел | Цена в лева | Инвентарен номер | Систематично азбучна сигнатура | Баркод | Цена в евро | Служебен тип на артикула |
|---|---|---|---|---|---|---|---|---|---|---|---|---|---|---|---|---|---|
| Не е изгубен | Universal Decimal Classification | Не е повреден | само за читалня | ползва се в читалня | 869361 | Регионална библиотека "Любен Каравелов" Русе | Регионална библиотека "Любен Каравелов" Русе | Хранилище | 2022-02-02 | Основен фонд - ползва се само за читалня | 2.10 | 9797/56 | Цб 3040 | 900000050803 | 1.07 | Книги |